000 00290nam a2200133Ia 4500
100 _aHicks/H.G & Gullett/C.R
942 _cBK
654 _aBusiness
245 _aModern Business Management
260 _bMcGraw Hill
_aTokyo
_c1974
082 _a658.4
300 _a536
546 _aENGLISH
999 _c28636
_d28636